00709 a2200169 45000010006000000050017000060080041000230030015000640400040000790800051001192450060001702640037002303000019002675050204002861000028004907000021005184798020260407155745.0260407a1970 arg spa dAR-UNSa-BCEJYS aAR-UNSa-BCEJYSbspacAR-UNSa-BCEJYS a336.7xMoneda. Sistema monetario. Banca. Bolsa10aUn programa de estabilidad monetaria y reforma bancaria 1aBilbao :bEdiciones Deustoc1970 a153 p.c22 cm. a1. La política monetaria en perspectiva - 2. Los instrumentos del Sistema de Reserva Federal - 3. La gestión de la Deuda y Reforma Bancaria - 4. Los fines y criterios de la política monetaria. 1 aMas Montañes, Enrique1 aFriedman, Milton